000 00463nam a2200181Ia 4500
001 44927
008 140428s9999 xx 000 0 und d
020 _aNA
040 _cPK-LaUMT
082 _aRHC 891.4394
_bZAH-F
100 _aZaheer Ahmad Siddiqi
245 _aFikri zaaviyay (Urdu)
_cZaheer Ahmad Siddiqi
260 _aAli Garh,India:
_bDehli University,
_c1972
300 _a218 p.
546 _aUR
650 _aPakistani literature-Urdu
942 _cBK
999 _c42899
_d42899